Culture Générale - Série 767 - Statistiques

Statistiques générales
  • Ce quiz a été pris 350 fois
  • Le résultat moyen est 6 sur 10
Statistiques - réponses
Question Réponse % Correct
Dans le sigle P.D.G, de quel mot le D est-il l'initiale ? Directeur
96%
Lorsqu'on évalue une distance avec précision, on dit familièrement qu'on a le compas... dans l'oeil
93%
Quand on parle d'une lentille ou d'un miroir, quel est le contraire de convexe ? concave
73%
Dans quel quartier de New York se trouve Wall Street ? Manhattan
67%
On l'appelle "riflard", "pébroc", "pépin", de quel objet s'agit-il ? parapluie
65%
Quel est le prénom de la stagiaire qui a ébranlé la Maison-Blanche en 1998 ? Monica
58%
Quelle chanteuse américaine d'origine italienne est notamment surnommé "Madge" par la presse people ? Madonna
57%
Quel chanteur français interprète le titre : "Le Soleil donne", en 1988 ? Laurent Voulzy
47%
Quel nom, emprunté à la langue hindi, désigne un maître spirituel hindou ? gourou
34%
Complétez le titre du film réalisé en 1936 par Sacha Guitry, "Le roman ... d'un tricheur
8%
Aucun quiz correspondant
Distribution des résultats
% des personnes avec chaque résultat
Percentile par nombre de réponses
Votre historique - résultats
Vous n’avez pas pris ce quiz